000 00479nam a22001817a 4500
005 20260127150137.0
008 260127b |||||||| |||| 00| 0 eng d
037 _cTB
040 _aCRL
_cCRL
084 _qCRL
100 _aKohli, Narinder Singh
_91112157
245 _aDhur ki baani
260 _aNew Delhi, India:
_bEnkay,
_c1995.
300 _a227 p.
365 _b475.00
_cINR
942 _2CC
_cTB
_n0
999 _c1678244
_d1678244